[Event "NB1 Maroczy csoport"]
[Site "Nyiregyhaza"]
[Date "2024.12.01"]
[Round "3.6"]
[White "Hibjan, Tamas"]
[Black "Feher, Botond"]
[Result "1/2-1/2"]
[WhiteElo "2154"]
[BlackElo "2163"]
[PlyCount "122"]
[GameId "2119379236255896"]
[EventDate "2024.11.03"]
[EventType "team-tourn"]
[EventRounds "11"]
[EventCountry "HUN"]
[Source "chess.hu"]
[WhiteTeam "NYVSC"]
[BlackTeam "HUSI SC"]
[WhiteTeamCountry "HUN"]
[BlackTeamCountry "HUN"]

1. e4 c5 2. Nf3 d6 3. d4 cxd4 4. Nxd4 Nf6 5. Nc3 g6 6. Be3 Bg7 7. f3 O-O 8. Bc4 Nc6 9. Qd2 Bd7 10. O-O-O Rc8 11. Bb3 Nxd4 12. Bxd4 b5 13. Nd5 Nxd5 14. Bxg7 Kxg7 15. exd5 a5 16. a3 Kg8 17. h4 b4 18. axb4 axb4 19. Qd4 Bf5 20. Kd2 e5 21. dxe6 Bxe6 22. Bxe6 fxe6 23. Kc1 b3 24. c3 Qa5 25. Kd2 e5 26. Qd3 d5 27. Ke2 Rcd8 28. h5 e4 29. Qd4 Rf4 30. Qe5 Qa6+ 31. Kf2 Rf5 32. Qe7 Rdf8 33. hxg6 Rxf3+ 34. Kg1 Qxg6 35. Qb7 R3f5 36. Rh3 Rg5 37. Kh1 e3 38. Qb5 Qc2 39. Rg1 e2 40. Re1 Re5 41. Rg3+ Kh8 42. Rf3 Rfe8 43. Qb6 Qg6 44. Qd4 Qe4 45. Qf2 Rg8 46. Rf8 Qg6 47. Kg1 Qe6 48. Rf6 Qe8 49. Qd4 Re4 50. Qxd5 Reg4 51. Rf2 Qe3 52. Rexe2 Rxg2+ 53. Qxg2 Qc1+ 54. Rf1 Rxg2+ 55. Rxg2 Qe3+ 56. Rff2 Qc1+ 57. Kh2 Qh6+ 58. Kg3 Qe3+ 59. Kg4 Qe4+ 60. Kg3 Qe3+ 61. Kh2 Qh6+ 1/2-1/2

[Event "NB1 Maroczy csoport"]
[Site "Nyiregyhaza"]
[Date "2024.12.01"]
[Round "3.7"]
[White "Pogany, Zsombor"]
[Black "Egyed, Judit"]
[Result "1/2-1/2"]
[WhiteElo "2189"]
[BlackElo "2050"]
[PlyCount "101"]
[GameId "2119379295807656"]
[EventDate "2024.11.03"]
[EventType "team-tourn"]
[EventRounds "11"]
[EventCountry "HUN"]
[Source "chess.hu"]
[WhiteTeam "HUSI SC"]
[BlackTeam "NYVSC"]
[WhiteTeamCountry "HUN"]
[BlackTeamCountry "HUN"]

1. e4 c5 2. Nc3 d6 3. Nge2 g6 4. g3 Bg7 5. d4 cxd4 6. Nxd4 Nc6 7. Nde2 Nf6 8. Bg2 O-O 9. h3 Bd7 10. O-O Rb8 11. Nd5 Nxd5 12. exd5 Ne5 13. Nd4 Re8 14. Re1 Qc7 15. b3 Qc3 16. Be3 f5 17. f4 Nf7 18. Qd3 Rbc8 19. Rac1 a6 20. Bf2 Qxd3 21. cxd3 Rxc1 22. Rxc1 Rc8 23. Re1 Bf6 24. Bf3 Rc3 25. Rd1 h5 26. Rd2 Nd8 27. Ne2 Rc8 28. Bb6 Kf8 29. Kf2 Nf7 30. Nd4 Bxd4+ 31. Bxd4 Nh6 32. Ke2 Ng8 33. Kd1 Nf6 34. Re2 Kf7 35. Kd2 Rc7 36. Bb6 Rc8 37. Re1 Kf8 38. a4 Be8 39. Bd4 Bf7 40. Bxf6 exf6 41. d4 Rc7 42. Re3 Rc8 43. h4 Rc7 44. Re1 Rc8 45. Kd3 Rc7 46. Ra1 Ke7 47. b4 b6 48. b5 a5 49. Ra3 Kd7 50. Rc3 Rxc3+ 51. Kxc3 1/2-1/2

[Event "NB1 Maroczy csoport"]
[Site "Nyiregyhaza"]
[Date "2024.12.01"]
[Round "3.8"]
[White "Borsavolgyi, Tamas"]
[Black "Feher, Tamas"]
[Result "0-1"]
[WhiteElo "2037"]
[BlackElo "2091"]
[PlyCount "80"]
[GameId "2119379664910588"]
[EventDate "2024.11.03"]
[EventType "team-tourn"]
[EventRounds "11"]
[EventCountry "HUN"]
[Source "chess.hu"]
[WhiteTeam "NYVSC"]
[BlackTeam "HUSI SC"]
[WhiteTeamCountry "HUN"]
[BlackTeamCountry "HUN"]

1. d4 d5 2. c4 e6 3. Nc3 c6 4. Bf4 dxc4 5. a4 b5 6. axb5 Qb6 7. Qa4 Bd7 8. Qxc4 cxb5 9. Qd3 Na6 10. Nf3 Nb4 11. Qd2 Bc6 12. e3 a6 13. Ne5 Bb7 14. Be2 Nf6 15. O-O Be7 16. Bg5 Nbd5 17. Rac1 Nxc3 18. bxc3 Ne4 19. Qb2 Nxg5 20. f3 f6 21. Nd3 O-O 22. c4 Bc6 23. h4 Nf7 24. Nf4 e5 25. Ne6 Rfc8 26. f4 Bd7 27. f5 Bxe6 28. fxe6 Qxe6 29. c5 exd4 30. exd4 Qe3+ 31. Kh1 Rd8 32. Rcd1 Qe4 33. Rf3 Bxc5 34. Bd3 Qxh4+ 35. Rh3 Qg4 36. Bxh7+ Kf8 37. Qb3 Rxd4 38. Rf1 Rd2 39. Rg3 Qh5+ 40. Rh3 Qe2 0-1

[Event "NB1 Maroczy csoport"]
[Site "Nyiregyhaza"]
[Date "2024.12.01"]
[Round "3.9"]
[White "Fendrik, Lajos"]
[Black "Egyed, Zsolt"]
[Result "1-0"]
[WhiteElo "2112"]
[BlackElo "2035"]
[PlyCount "109"]
[GameId "2119379484866796"]
[EventDate "2024.11.03"]
[EventType "team-tourn"]
[EventRounds "11"]
[EventCountry "HUN"]
[Source "chess.hu"]
[WhiteTeam "HUSI SC"]
[BlackTeam "NYVSC"]
[WhiteTeamCountry "HUN"]
[BlackTeamCountry "HUN"]

1. d4 Nf6 2. c4 g6 3. Nc3 Bg7 4. e4 d6 5. Be2 O-O 6. Be3 e5 7. d5 c5 8. g4 Qa5 9. f3 Bd7 10. Bd3 Na6 11. Bd2 Nb4 12. Bf1 Rab8 13. Rb1 Qd8 14. Bg5 h6 15. Be3 Ne8 16. a3 Na6 17. h4 f5 18. h5 f4 19. Bf2 g5 20. Nge2 Nac7 21. b4 b6 22. Nc1 Nf6 23. Be2 Qe8 24. Nd3 Na6 25. Nb5 Bxb5 26. cxb5 Nc7 27. a4 Nfxd5 28. Qb3 Kh8 29. exd5 e4 30. O-O exd3 31. Bxd3 Qe5 32. Be4 cxb4 33. Rfd1 Ne8 34. Qxb4 Nf6 35. Bd4 Qe7 36. Bf5 Nxh5 37. Re1 Qd8 38. Bd3 Bxd4+ 39. Qxd4+ Qf6 40. Qe4 Rf7 41. gxh5 g4 42. Qe2 gxf3 43. Qb2 Rg7+ 44. Bg6 Qg5+ 45. Kh1 Qxd5 46. Qf2 Rbg8 47. Rbd1 Qc4 48. Rxd6 Qxa4 49. Bc2 Rg2 50. Rxh6+ Kg7 51. Rh7+ Kf8 52. Qh4 Rg1+ 53. Rxg1 Rxg1+ 54. Kxg1 Qa1+ 55. Kh2 1-0

[Event "NB1 Maroczy csoport"]
[Site "Nyiregyhaza"]
[Date "2024.12.01"]
[Round "3.10"]
[White "Hurkovszkij, Vladyslav"]
[Black "Szabolcsi, Janos"]
[Result "0-1"]
[WhiteElo "2018"]
[BlackElo "2156"]
[PlyCount "88"]
[GameId "2119379435452634"]
[EventDate "2024.11.03"]
[EventType "team-tourn"]
[EventRounds "11"]
[EventCountry "HUN"]
[Source "chess.hu"]
[WhiteTeam "NYVSC"]
[BlackTeam "HUSI SC"]
[WhiteTeamCountry "HUN"]
[BlackTeamCountry "HUN"]

1. d4 d5 2. Nf3 Nf6 3. Bf4 c5 4. e3 cxd4 5. exd4 Nc6 6. c3 Bg4 7. Be2 e6 8. Nbd2 Bd6 9. Bxd6 Qxd6 10. O-O O-O 11. Re1 h6 12. Bd3 Rab8 13. Qa4 Bxf3 14. Nxf3 Nd7 15. Rad1 a6 16. Qc2 b5 17. Qe2 Rfe8 18. h3 Rb6 19. Qe3 Qc7 20. Rc1 Na5 21. Qe2 Nc4 22. b3 Nd6 23. Ne5 Nxe5 24. Qxe5 Rc6 25. Re3 Rc8 26. Rg3 Ne8 27. Qh5 Kf8 28. Bb1 b4 29. c4 dxc4 30. bxc4 Rxc4 31. Rxc4 Qxc4 32. Rb3 Qxd4 33. Qe2 a5 34. Be4 Rc1+ 35. Kh2 Rc3 36. Bf3 a4 37. Rb1 Qf4+ 38. Kh1 Rc1+ 39. Rxc1 Qxc1+ 40. Kh2 b3 41. axb3 axb3 42. Qd3 b2 43. Be4 f5 44. Bxf5 exf5 0-1

[Event "NB1 Maroczy csoport"]
[Site "Nyiregyhaza"]
[Date "2024.12.01"]
[Round "3.11"]
[White "Horvath, Antal Jr"]
[Black "Kosa, Peter"]
[Result "1-0"]
[WhiteElo "2052"]
[BlackElo "2055"]
[PlyCount "69"]
[GameId "2119379390228682"]
[EventDate "2024.11.03"]
[EventType "team-tourn"]
[EventRounds "11"]
[EventCountry "HUN"]
[Source "chess.hu"]
[WhiteTeam "HUSI SC"]
[BlackTeam "NYVSC"]
[WhiteTeamCountry "HUN"]
[BlackTeamCountry "HUN"]

1. e4 c5 2. Nf3 Nc6 3. d4 cxd4 4. Nxd4 Nf6 5. Nc3 e5 6. Ndb5 d6 7. Bg5 a6 8. Na3 b5 9. Nd5 Be7 10. Bxf6 Bxf6 11. g3 Bg5 12. Bg2 O-O 13. h4 Bh6 14. O-O Rb8 15. c3 Ne7 16. Nxe7+ Qxe7 17. Nc2 a5 18. Qd3 g6 19. b4 f5 20. bxa5 f4 21. Nb4 Bd7 22. Rfd1 fxg3 23. fxg3 Qf7 24. Rf1 Qe7 25. Rad1 Rxf1+ 26. Bxf1 Rf8 27. a6 Qf7 28. Bg2 Qf2+ 29. Kh2 Bg4 30. Rf1 Qb6 31. Qd5+ Kh8 32. Rxf8+ Bxf8 33. Qf7 Bh6 34. a7 Qd8 35. Qb7 1-0

[Event "NB1 Maroczy csoport"]
[Site "Nyiregyhaza"]
[Date "2024.12.01"]
[Round "3.12"]
[White "Peto, Janos"]
[Black "Laszlo, Laura Dr."]
[Result "0-1"]
[WhiteElo "1976"]
[BlackElo "1845"]
[PlyCount "66"]
[GameId "2119379351578810"]
[EventDate "2024.11.03"]
[EventType "team-tourn"]
[EventRounds "11"]
[EventCountry "HUN"]
[Source "chess.hu"]
[WhiteTeam "NYVSC"]
[BlackTeam "HUSI SC"]
[WhiteTeamCountry "HUN"]
[BlackTeamCountry "HUN"]

1. e4 c5 2. f4 Nc6 3. Nf3 g6 4. c3 d5 5. e5 d4 6. d3 Bg7 7. c4 f6 8. Qe2 fxe5 9. Nxe5 Nxe5 10. fxe5 Bd7 11. g3 Bc6 12. Rg1 Nh6 13. Bf4 Qb6 14. b3 Nf5 15. Bh3 O-O 16. Nd2 Qb4 17. O-O-O Qa3+ 18. Kb1 a5 19. Ka1 a4 20. Rb1 h6 21. Bxf5 Rxf5 22. Rb2 axb3 23. Nxb3 g5 24. Bc1 Rxe5 25. Qd1 Ba4 26. Rgg2 Bc6 27. Rgf2 Be8 28. Rbe2 Qb4 29. Rxe5 Bxe5 30. h4 Bxg3 31. Rf5 Bxh4 32. Qf3 Qxb3 33. Qd5+ Kh7 0-1

[Event "NB1 Maroczy csoport"]
[Site "Miskolc"]
[Date "2024.12.01"]
[Round "3.1"]
[White "Balla, Tamas-Kristof"]
[Black "Hajnal, Zoltan"]
[Result "1/2-1/2"]
[WhiteElo "2312"]
[BlackElo "2330"]
[PlyCount "48"]
[GameId "2119389124332794"]
[EventDate "2024.11.03"]
[EventType "team-tourn"]
[EventRounds "11"]
[EventCountry "HUN"]
[Source "chess.hu"]
[WhiteTeam "Kumania-Kisujszallas"]
[BlackTeam "DVTK I."]
[WhiteTeamCountry "HUN"]
[BlackTeamCountry "HUN"]

1. Nf3 d5 2. b3 Bf5 3. Bb2 e6 4. g3 h6 5. Bg2 Nf6 6. d3 Be7 7. O-O O-O 8. Nbd2 a5 9. a4 c6 10. Re1 Bh7 11. e4 Nbd7 12. Qe2 Nc5 13. Ne5 Ncd7 14. f4 dxe4 15. Nxe4 Nxe5 16. Bxe5 Nxe4 17. dxe4 Bf6 18. Rad1 Qb6+ 19. Qe3 Qxe3+ 20. Rxe3 Bxe5 21. fxe5 Rfd8 22. Red3 Rxd3 23. Rxd3 Kf8 24. Rd7 Rb8 1/2-1/2

[Event "NB1 Maroczy csoport"]
[Site "Miskolc"]
[Date "2024.12.01"]
[Round "3.2"]
[White "Turcsanyi, Vince Gergo"]
[Black "Egyed, Gabor"]
[Result "1/2-1/2"]
[WhiteElo "2244"]
[BlackElo "2144"]
[PlyCount "197"]
[GameId "2119389160807690"]
[EventDate "2024.11.03"]
[EventType "team-tourn"]
[EventRounds "11"]
[EventCountry "HUN"]
[Source "chess.hu"]
[WhiteTeam "DVTK I."]
[BlackTeam "Kumania-Kisujszallas"]
[WhiteTeamCountry "HUN"]
[BlackTeamCountry "HUN"]

1. Nf3 c5 2. c4 Nc6 3. e3 Nf6 4. Nc3 g6 5. d4 cxd4 6. exd4 d5 7. cxd5 Nxd5 8. Qb3 Nxc3 9. Bc4 Nd5 10. Bxd5 e6 11. Bxc6+ bxc6 12. O-O Qb6 13. Qe3 Bg7 14. b3 O-O 15. Ba3 Rd8 16. Bc5 Qc7 17. Ne5 Rd5 18. Rfe1 Ba6 19. h4 Re8 20. Rac1 f6 21. Nf3 h5 22. Bb4 Bc8 23. Qe4 Kf7 24. Rc3 Bh6 25. Qc2 Bd7 26. Bc5 Rg8 27. Re2 Rg7 28. Ne1 g5 29. hxg5 Rdxg5 30. Rf3 Rg4 31. d5 Rf4 32. dxe6+ Bxe6 33. Rfe3 Rh4 34. Nf3 Bxe3 35. Nxh4 Bxc5 36. Qxc5 Bd5 37. Qe3 Qd7 38. f3 Rg5 39. f4 Rg8 40. f5 Rg5 41. Qf4 Kg7 42. Qb4 Bf7 43. Re4 Qd3 44. Qe1 Kh6 45. Kh2 Bd5 46. Re3 Qd4 47. Nf3 Bxf3 48. Rxf3 Rg4 49. Qe3+ Qxe3 50. Rxe3 Rf4 51. Re6 Rxf5 52. Rxc6 a5 53. a4 Kg6 54. Rb6 Rc5 55. Rb5 Rc3 56. g3 Rc2+ 57. Kh3 Rb2 58. Rb8 Kg7 59. Rb7+ Kg6 60. Rb5 Kg7 61. Rxh5 Rxb3 62. Rxa5 Rb4 63. Ra8 Kg6 64. Rg8+ Kf7 65. Rg4 Rb2 66. Rc4 Kg6 67. Kg4 Ra2 68. Kf3 Ra1 69. Ke3 Kf5 70. Rb4 Ra3+ 71. Kf2 Ra2+ 72. Kf3 Ra3+ 73. Kg2 Ra2+ 74. Kh3 Kg5 75. Rg4+ Kh5 76. Rh4+ Kg5 77. Rb4 f5 78. Rc4 Kh5 79. Rc5 Kg5 80. Ra5 Kg6 81. Ra8 Ra3 82. Kh4 Ra1 83. Ra6+ Kf7 84. a5 Ra4+ 85. Kg5 Rg4+ 86. Kxf5 Rxg3 87. Rh6 Ra3 88. a6 Ra5+ 89. Ke4 Kg7 90. Rc6 Kf7 91. Rh6 Kg7 92. Rb6 Kf7 93. Kd4 Ke7 94. Kc4 Kd7 95. Kb4 Ra1 96. Rh6 Kc7 97. Kc5 Rc1+ 98. Kb4 Rb1+ 99. Kc5 1/2-1/2

[Event "NB1 Maroczy csoport"]
[Site "Miskolc"]
[Date "2024.12.01"]
[Round "3.3"]
[White "Pletl, Akos"]
[Black "Fule, Simon"]
[Result "1-0"]
[WhiteElo "2200"]
[BlackElo "2238"]
[PlyCount "66"]
[GameId "2119389211385114"]
[EventDate "2024.11.03"]
[EventType "team-tourn"]
[EventRounds "11"]
[EventCountry "HUN"]
[Source "chess.hu"]
[WhiteTeam "Kumania-Kisujszallas"]
[BlackTeam "DVTK I."]
[WhiteTeamCountry "HUN"]
[BlackTeamCountry "HUN"]

1. d4 Nf6 2. c4 g6 3. Nc3 Bg7 4. e4 d6 5. h3 O-O 6. Be3 Nbd7 7. Nge2 e5 8. d5 Nc5 9. Qc2 a5 10. g4 c6 11. g5 Nh5 12. O-O-O cxd5 13. Nxd5 Kh8 14. Nec3 Be6 15. Nb5 Rc8 16. h4 Rc6 17. Be2 Bxd5 18. exd5 Rc8 19. Bg4 Ra8 20. Bxh5 gxh5 21. Bxc5 dxc5 22. Qe2 f5 23. Qxh5 e4 24. d6 Ra6 25. Rd5 Qd7 26. Rhd1 a4 27. a3 Raa8 28. Rxc5 Rac8 29. Rc7 Qe6 30. Qe2 f4 31. d7 Rb8 32. Rd5 f3 33. Qe3 Be5 1-0

[Event "NB1 Maroczy csoport"]
[Site "Miskolc"]
[Date "2024.12.01"]
[Round "3.4"]
[White "Gathi, Donat"]
[Black "Muhari, Istvan"]
[Result "1-0"]
[WhiteElo "2097"]
[BlackElo "2140"]
[PlyCount "119"]
[GameId "2119389287664960"]
[EventDate "2024.11.03"]
[EventType "team-tourn"]
[EventRounds "11"]
[EventCountry "HUN"]
[Source "chess.hu"]
[WhiteTeam "DVTK I."]
[BlackTeam "Kumania-Kisujszallas"]
[WhiteTeamCountry "HUN"]
[BlackTeamCountry "HUN"]

1. e4 c6 2. d4 d5 3. Nc3 dxe4 4. Nxe4 Nf6 5. Nxf6+ exf6 6. c3 Bd6 7. Bd3 O-O 8. Qc2 h6 9. Ne2 Qc7 10. Be3 Re8 11. O-O-O Bg4 12. Rde1 Nd7 13. Ng3 Nb6 14. c4 Bb4 15. Ref1 Rad8 16. c5 Nd5 17. a3 Ba5 18. b4 Bxb4 19. axb4 Nxb4 20. Qb3 Nxd3+ 21. Qxd3 Qa5 22. Kb2 Qxc5 23. dxc5 Rxd3 24. h3 Be6 25. Kc2 Red8 26. Rb1 R8d7 27. Rb2 Bc4 28. Ne4 Rxe3 29. Nxf6+ gxf6 30. fxe3 Bb5 31. Ra2 a6 32. Rd1 Re7 33. Rd8+ Kg7 34. Kd2 f5 35. g3 Re6 36. Ra1 Re5 37. Rc1 a5 38. Rd7 Ba6 39. Rc3 h5 40. h4 a4 41. Kc2 Re4 42. Rd4 Kf6 43. Rxe4 fxe4 44. Ra3 Bb5 45. Kc3 Kf5 46. Kd4 Kg4 47. Kxe4 Kxg3 48. Kf5 Kxh4 49. e4 Be2 50. Kf4 Bf1 51. Rxa4 Kh3 52. Kg5 Be2 53. e5 Kg3 54. Kf6 h4 55. Kxf7 h3 56. e6 h2 57. Ra1 Kg2 58. e7 h1=Q 59. Rxh1 Kxh1 60. Kg6 1-0

[Event "NB1 Maroczy csoport"]
[Site "Miskolc"]
[Date "2024.12.01"]
[Round "3.5"]
[White "Ferenczi, Zoltan"]
[Black "Kovacs, Kristof"]
[Result "0-1"]
[WhiteElo "2111"]
[BlackElo "2145"]
[PlyCount "74"]
[GameId "2119389328973146"]
[EventDate "2024.11.03"]
[EventType "team-tourn"]
[EventRounds "11"]
[EventCountry "HUN"]
[Source "chess.hu"]
[WhiteTeam "Kumania-Kisujszallas"]
[BlackTeam "DVTK I."]
[WhiteTeamCountry "HUN"]
[BlackTeamCountry "HUN"]

1. e4 e5 2. Nf3 Nc6 3. d4 exd4 4. Nxd4 Nf6 5. Nc3 Bb4 6. Bg5 h6 7. Nxc6 bxc6 8. Bxf6 Qxf6 9. Qf3 Qxf3 10. gxf3 Bxc3+ 11. bxc3 d6 12. Bc4 Rb8 13. Kd2 O-O 14. Rab1 Rb6 15. Rhg1 Kh7 16. Ke3 f5 17. Rxb6 axb6 18. a4 g5 19. Bd3 Re8 20. Kd2 Re5 21. Re1 f4 22. Bc4 Kg6 23. Rh1 Bh3 24. Rg1 Kh5 25. Be2 Kh4 26. c4 Ra5 27. Ra1 Bg2 28. Ra3 Kh3 29. Ke1 Kxh2 30. Bf1 Bxf1 31. Kxf1 b5 32. cxb5 cxb5 33. Rc3 bxa4 34. Rxc7 h5 35. Rc6 a3 36. Rxd6 a2 37. Rh6 a1=Q+ 0-1

[Event "NB1 Maroczy csoport"]
[Site "Miskolc"]
[Date "2024.12.01"]
[Round "3.6"]
[White "Horvath, Kristof"]
[Black "Balogh, David"]
[Result "1-0"]
[WhiteElo "2133"]
[BlackElo "2214"]
[PlyCount "81"]
[GameId "2119389378129258"]
[EventDate "2024.11.03"]
[EventType "team-tourn"]
[EventRounds "11"]
[EventCountry "HUN"]
[Source "chess.hu"]
[WhiteTeam "DVTK I."]
[BlackTeam "Kumania-Kisujszallas"]
[WhiteTeamCountry "HUN"]
[BlackTeamCountry "HUN"]

1. e4 d6 2. d4 Nf6 3. Nc3 g6 4. Nf3 c6 5. a4 Bg7 6. Bc4 Nxe4 7. Nxe4 d5 8. Bd3 dxe4 9. Bxe4 Bf5 10. Bxf5 Qa5+ 11. Qd2 Qxf5 12. O-O Na6 13. Re1 e6 14. Ra3 Rd8 15. Ne5 O-O 16. Rf3 Qh5 17. Rh3 Qf5 18. g4 Qf6 19. g5 Qe7 20. Qf4 f6 21. gxf6 Qxf6 22. Qxf6 Bxf6 23. c3 Bxe5 24. Rxe5 Nc7 25. Re4 Rf5 26. Bf4 Nd5 27. Be5 Rdf8 28. Bd6 R8f6 29. f3 Rxf3 30. Rxf3 Rxf3 31. Rxe6 Ne3 32. Re8+ Kg7 33. h4 Rf1+ 34. Kh2 Nc4 35. Bg3 Nxb2 36. Be5+ Kh6 37. Re7 Nxa4 38. Kg2 Rf5 39. Kg3 Nxc3 40. Kg4 Rxe5 41. dxe5 1-0

[Event "NB1 Maroczy csoport"]
[Site "Miskolc"]
[Date "2024.12.01"]
[Round "3.7"]
[White "Simonyi, Zoltan"]
[Black "Fusthy, Zsolt"]
[Result "1/2-1/2"]
[WhiteElo "2117"]
[BlackElo "2230"]
[PlyCount "30"]
[GameId "2119389421084026"]
[EventDate "2024.11.03"]
[EventType "team-tourn"]
[EventRounds "11"]
[EventCountry "HUN"]
[Source "chess.hu"]
[WhiteTeam "Kumania-Kisujszallas"]
[BlackTeam "DVTK I."]
[WhiteTeamCountry "HUN"]
[BlackTeamCountry "HUN"]

1. d4 Nf6 2. c4 e6 3. Nc3 Bb4 4. f3 O-O 5. e4 d5 6. e5 Ne8 7. a3 Bxc3+ 8. bxc3 f6 9. exf6 Qxf6 10. Bd3 Nd6 11. cxd5 exd5 12. Ne2 Bf5 13. O-O Nd7 14. Bf4 Rae8 15. Qd2 Bxd3 1/2-1/2

[Event "NB1 Maroczy csoport"]
[Site "Miskolc"]
[Date "2024.12.01"]
[Round "3.8"]
[White "Dobai, Szabolcs"]
[Black "Kormos, Lajos"]
[Result "1-0"]
[WhiteElo "2115"]
[BlackElo "1970"]
[PlyCount "91"]
[GameId "2119389611965898"]
[EventDate "2024.11.03"]
[EventType "team-tourn"]
[EventRounds "11"]
[EventCountry "HUN"]
[Source "chess.hu"]
[WhiteTeam "DVTK I."]
[BlackTeam "Kumania-Kisujszallas"]
[WhiteTeamCountry "HUN"]
[BlackTeamCountry "HUN"]

1. c4 Nf6 2. g3 e6 3. Bg2 d5 4. Nf3 Be7 5. O-O O-O 6. d4 c6 7. b3 Nbd7 8. Qc2 Qc7 9. Bf4 Bd6 10. Bxd6 Qxd6 11. Nbd2 b6 12. Rfd1 Bb7 13. e4 Nxe4 14. Nxe4 dxe4 15. Qxe4 Nf6 16. Qe5 Rfd8 17. Qxd6 Rxd6 18. c5 bxc5 19. dxc5 Rd5 20. Rxd5 exd5 21. Re1 Re8 22. Rxe8+ Nxe8 23. Nd4 g6 24. f4 Kf8 25. Kf2 Ke7 26. b4 Nc7 27. Bf1 Ne6 28. Ke3 Nxd4 29. Kxd4 Ke6 30. a4 a6 31. g4 h6 32. Bh3 Kf6 33. Bg2 h5 34. h3 hxg4 35. hxg4 g5 36. f5 Ke7 37. Bf1 f6 38. b5 axb5 39. axb5 Kd7 40. bxc6+ Bxc6 41. Be2 Ba4 42. Kxd5 Bb3+ 43. Kd4 Ba4 44. Bf3 Bb3 45. Kc3 Ba4 46. Kb4 1-0

[Event "NB1 Maroczy csoport"]
[Site "Miskolc"]
[Date "2024.12.01"]
[Round "3.9"]
[White "Kecze, Matyas"]
[Black "Kovacs, Tamas"]
[Result "1-0"]
[WhiteElo "1888"]
[BlackElo "2075"]
[PlyCount "123"]
[GameId "2119389572783546"]
[EventDate "2024.11.03"]
[EventType "team-tourn"]
[EventRounds "11"]
[EventCountry "HUN"]
[Source "chess.hu"]
[WhiteTeam "Kumania-Kisujszallas"]
[BlackTeam "DVTK I."]
[WhiteTeamCountry "HUN"]
[BlackTeamCountry "HUN"]

1. e4 c5 2. d3 d5 3. Nd2 e5 4. g3 d4 5. Bg2 Bd6 6. Nc4 Bc7 7. a4 Ne7 8. Nf3 Ng6 9. Qe2 Nc6 10. Bd2 h5 11. h4 Bg4 12. Bg5 Qd7 13. Bd2 b6 14. O-O O-O 15. Rfe1 a6 16. Bh1 Rab8 17. Reb1 b5 18. axb5 axb5 19. Na5 Bxa5 20. Bxa5 f5 21. Be1 Qf7 22. Qf1 f4 23. Ng5 Qf6 24. Bd2 Nd8 25. Ra7 Ne6 26. f3 Nxg5 27. hxg5 Qb6 28. Rba1 Bc8 29. gxf4 Nxf4 30. Bxf4 Rxf4 31. Qe1 h4 32. Qa5 c4 33. Qb4 Rf7 34. Ra8 Be6 35. R8a6 Qd8 36. Rxe6 Qxg5+ 37. Kf1 Rbf8 38. Ke2 Qe3+ 39. Kd1 Qg1+ 40. Qe1 Qg5 41. Raa6 cxd3 42. cxd3 Rc7 43. Rec6 Rfc8 44. Rxc7 Rxc7 45. Ra8+ Kh7 46. Ra1 h3 47. Qf1 Qh6 48. Qf2 Qf4 49. Qd2 Qg3 50. Qe1 Qf4 51. Qf1 Qh6 52. Qg1 Rc6 53. Qg4 Qe3 54. Qxh3+ Kg6 55. Qf1 b4 56. Qe2 Qg1+ 57. Qe1 Qh2 58. Rc1 Ra6 59. Qf1 Qxb2 60. Qg2+ Qxg2 61. Bxg2 Kg5 62. Rb1 1-0

[Event "NB1 Maroczy csoport"]
[Site "Miskolc"]
[Date "2024.12.01"]
[Round "3.10"]
[White "Peredi, Oliver"]
[Black "Jakobei, Jozsef"]
[Result "1/2-1/2"]
[WhiteElo "2026"]
[BlackElo "1921"]
[PlyCount "153"]
[GameId "2119389531479466"]
[EventDate "2024.11.03"]
[EventType "team-tourn"]
[EventRounds "11"]
[EventCountry "HUN"]
[Source "chess.hu"]
[WhiteTeam "DVTK I."]
[BlackTeam "Kumania-Kisujszallas"]
[WhiteTeamCountry "HUN"]
[BlackTeamCountry "HUN"]

1. e4 d6 2. f4 c5 3. Nf3 Nc6 4. h3 g6 5. Nc3 Bg7 6. Bc4 e6 7. O-O Nge7 8. d3 O-O 9. Bb3 a6 10. Be3 b5 11. Qe1 Nd4 12. Bxd4 cxd4 13. Ne2 Nc6 14. Qf2 Qb6 15. c3 Na5 16. Nexd4 Nxb3 17. Nxb3 Qxf2+ 18. Rxf2 Bb7 19. Na5 Ra7 20. Nxb7 Rxb7 21. d4 Rc8 22. e5 d5 23. a3 a5 24. Nd2 b4 25. cxb4 axb4 26. a4 b3 27. Rf3 Rc2 28. a5 Rxb2 29. a6 Ra7 30. Rxb3 Rxb3 31. Nxb3 Bf8 32. Ra4 Be7 33. Nc1 Kf8 34. Na2 Ke8 35. Nc3 Kd7 36. Nb5 Ra8 37. Ra2 Kc6 38. Nc3 Kb6 39. Rb2+ Kxa6 40. Kf2 Rc8 41. Rb3 Rc4 42. Ke3 Rb4 43. Rxb4 Bxb4 44. Nd1 Kb5 45. Kd3 Be1 46. g4 Kb4 47. f5 Bh4 48. Ne3 Bg5 49. fxg6 fxg6 50. Ng2 h6 51. h4 Bc1 52. h5 g5 53. Ne1 Kb3 54. Nf3 Kb2 55. Ng1 Kb3 56. Ne2 Ba3 57. Nc3 Kb4 58. Ne2 Kb5 59. Kc3 Bb4+ 60. Kd3 Ka5 61. Kc2 Kb5 62. Kb3 Be7 63. Nc1 Bd8 64. Kc3 Ba5+ 65. Kd3 Bb4 66. Ne2 Ka5 67. Ng3 Kb6 68. Kc2 Kb5 69. Kb3 Ba5 70. Nf1 Bb6 71. Kc3 Ba5+ 72. Kd3 Bb4 73. Ne3 Ba3 74. Nc2 Bb4 75. Ne3 Ba3 76. Nd1 Bb4 77. Ne3 1/2-1/2

[Event "NB1 Maroczy csoport"]
[Site "Miskolc"]
[Date "2024.12.01"]
[Round "3.11"]
[White "Molnar, Lili"]
[Black "Kemendi, Daniel"]
[Result "1/2-1/2"]
[WhiteElo "1826"]
[BlackElo "1984"]
[PlyCount "88"]
[GameId "2119389495893402"]
[EventDate "2024.11.03"]
[EventType "team-tourn"]
[EventRounds "11"]
[EventCountry "HUN"]
[Source "chess.hu"]
[WhiteTeam "Kumania-Kisujszallas"]
[BlackTeam "DVTK I."]
[WhiteTeamCountry "HUN"]
[BlackTeamCountry "HUN"]

1. d4 d5 2. c4 Nc6 3. cxd5 Qxd5 4. e3 e5 5. Nc3 Bb4 6. Bd2 Bxc3 7. bxc3 exd4 8. cxd4 Nge7 9. Nf3 Bg4 10. Be2 O-O 11. O-O h6 12. Qc2 Bf5 13. Qb2 Rab8 14. Rfc1 Qd6 15. a3 Rfc8 16. Rc3 f6 17. Rb3 b6 18. Ba6 Rd8 19. Bc4+ Be6 20. Bxe6+ Qxe6 21. Rc1 Rd6 22. Bb4 Nxb4 23. axb4 Nd5 24. Ra3 Ra8 25. Rca1 Rc6 26. Nd2 a6 27. b5 Rd6 28. Rxa6 Re8 29. Ra7 Nxe3 30. Rxc7 Nd5 31. Rcc1 Nf4 32. Rcb1 Ne2+ 33. Kf1 Nxd4 34. Re1 Qf7 35. Rxe8+ Qxe8 36. Nc4 Rd5 37. Nxb6 Qxb5+ 38. Qxb5 Rxb5 39. Nc4 Rc5 40. Ne3 Kh7 41. g3 Nc2 42. Nxc2 Rxc2 43. Kg2 h5 44. h4 Kg6 1/2-1/2

[Event "NB1 Maroczy csoport"]
[Site "Miskolc"]
[Date "2024.12.01"]
[Round "3.12"]
[White "Ress, Amira"]
[Black "Giricz, Gergo"]
[Result "1/2-1/2"]
[WhiteElo "1690"]
[BlackElo "1799"]
[PlyCount "155"]
[GameId "2119389462453642"]
[EventDate "2024.11.03"]
[EventType "team-tourn"]
[EventRounds "11"]
[EventCountry "HUN"]
[Source "chess.hu"]
[WhiteTeam "DVTK I."]
[BlackTeam "Kumania-Kisujszallas"]
[WhiteTeamCountry "HUN"]
[BlackTeamCountry "HUN"]

1. d4 Nf6 2. c4 e6 3. Nc3 Bb4 4. Nf3 O-O 5. Bd2 c5 6. e3 b6 7. g3 Bb7 8. Bg2 d6 9. O-O Nbd7 10. a3 Bxc3 11. Bxc3 Ne4 12. Qc2 Nxc3 13. Qxc3 Nf6 14. Rfd1 Qe7 15. b4 Rac8 16. Rac1 Rc7 17. Nd2 Bxg2 18. Kxg2 cxd4 19. Qxd4 Rfc8 20. Nb3 d5 21. c5 bxc5 22. Rxc5 Ne4 23. Rxc7 Rxc7 24. Rc1 Rxc1 25. Nxc1 Qc7 26. Nd3 h6 27. Nc5 Nd6 28. Qe5 Qc6 29. f3 a5 30. Qd4 Qb5 31. Qd3 Nc4 32. Qc3 e5 33. Kf2 Kf8 34. Nd3 Qb6 35. Nxe5 Nxe5 36. Qxe5 axb4 37. axb4 Qxb4 38. Qxd5 Qb2+ 39. Ke1 g6 40. Qd2 Qa1+ 41. Qd1 Qc3+ 42. Kf2 Qb2+ 43. Qe2 Qb1 44. Kg2 h5 45. h4 Kg8 46. e4 Qc1 47. f4 Qc6 48. Qf3 Qc2+ 49. Kh3 Qc8+ 50. g4 hxg4+ 51. Qxg4 Qc3+ 52. Qg3 Qc6 53. Qg2 Qc3+ 54. Kh2 Kh7 55. Qe2 Qf6 56. Qg4 Qb2+ 57. Kh3 Qc3+ 58. Qg3 Qd4 59. Qf3 Kg7 60. f5 Qf6 61. Qg3 Kh7 62. Qg5 Qc3+ 63. Kg4 Qe1 64. fxg6+ fxg6 65. Qe7+ Kh6 66. Qf8+ Kh7 67. Qe7+ Kh6 68. Qg5+ Kh7 69. Qe7+ Kh6 70. Qf8+ Kh7 71. Qf7+ Kh6 72. Qf4+ Kh7 73. e5 Qg1+ 74. Kh3 Qh1+ 75. Qh2 Qf3+ 76. Qg3 Qh1+ 77. Kg4 Qe4+ 78. Qf4 1/2-1/2